| 000 | 02063cam a2200325 a 4500 | ||
|---|---|---|---|
| 999 |
_c9680 _d9680 |
||
| 001 | 769871185 | ||
| 003 | OCoLC | ||
| 005 | 20241126110717.0 | ||
| 008 | 111207s2012 ilu b 001 0 eng | ||
| 010 | _a2011049813 | ||
| 020 | _a9781433523380 (hc) | ||
| 020 | _a1433523388 (hc) | ||
| 035 | _a(OCoLC)769871185 | ||
| 040 |
_aDLC _beng _cDLC _dOCLCO _dBTCTA _dBDX _dYDXCP |
||
| 042 | _apcc | ||
| 082 |
_a220.7 _bPRE |
||
| 092 |
_a223.9 _bO26S |
||
| 100 | 1 |
_aO'Donnell, Douglas Sean, _d1972- _916816 |
|
| 245 | 1 | 4 |
_aThe Song of Solomon : _ban invitation to intimacy / _cDouglas Sean O'Donnell |
| 260 |
_aWheaton, Illinois : _bCrossway, _cc2012 |
||
| 300 |
_a183 p. ; _c24 cm |
||
| 490 | 1 | _aPreaching the Word | |
| 504 | _aIncludes bibliographical references and index | ||
| 520 |
_aOur culture holds the megaphone when it comes to talking about sex today. Yet the church has maintained a reputation for keeping quiet, hesitant to teach people about this sacred aspect of life. The Song of Solomon, however, holds nothing back as it sings loudly about the holy practice of sexuality and pushes us into the conversation with godly theology. While this biblical text has been subject to a broader range of interpretation probably than any other book in the Bible, Wisdom Literature expert Doug O'Donnell offers this comprehensible guide to help uncoil its complexities and solve its riddles. He explores the poetry, themes, and wisdom of this song from a Christocentric perspective, and gives us a profound, rich, and witty reflection that encourages right thinking and behavior. Showing how this "song of songs" is meant to teach us about biblical sexuality and God's heart for his people, O'Donnell elucidates on the greatest subject of all time--love. -- _cFrom publisher's description |
||
| 630 | 0 | 0 |
_aBible. _pSong of Solomon _xCriticism, interpretation, etc _915564 |
| 650 | 0 |
_aIntimacy (Psychology) _xReligious aspects _xChristianity _94432 |
|
| 650 | 0 |
_aLove _xReligious aspects _xChristianity _9141 |
|
| 830 | 0 |
_aPreaching the Word _916818 |
|
| 942 |
_2ddc _cREF |
||